000 00860nam a2200313 a 4500
001 UByD002451
003 AR-LpoUNG
005 20240228145453.0
008 240228s2014||||ag |||||||||||||||||spa d
020 _a9789871269419
040 _aAR-LpoUNG
_bspa
_cAR-LpoUNG
_eaacr
041 _aspa
_aeng
044 _aag
082 0 _aR413 695dic
245 1 0 _aDiccionario magnum lexicón :
_binglés-español, español-inglés
250 _a1ra. ed.,
260 _aBuenos Aires :
_bCentro Editor de Cultura,
_c2014.
300 _a640 p. :
_bgráfs., fot.
650 4 _aDICCIONARIOS
650 4 _aLENGUA ESPAÑOLA
650 4 _aLENGUA INGLESA
650 4 _aMATERIAL DE REFERENCIA
650 4 _aTERMINOLOGIA
650 4 _aLEXICO
653 _aDICCIONARIOS BILINGÜES
653 _aDICCIONARIOS DE INGLES
905 _a55725
942 _cLSALA
_2ddc
999 _c64966
_d64966